000 00429nam a2200169Ia 4500
008 140507t2012 xxu||||| |||| 00| 0 sin d
041 _asin
080 _aX8S31
_bWIC
100 _aWickramarathna, Dilhani
245 _aඅරුණැල්ල
246 _aArunella
260 _bShaakya Publications
_aYakkala
_c2012
300 _ap.148p., 18 cm
942 _cBK
999 _c73811
_d73811
003 LK-CoDNM
040 _aLK-CoDNM
_dLK-CoDNM
_eLK-CoDNM